Seria A 2025-2026 - Stemmi - Statistics

Statistiche generali
  • Questo quiz è stato fatto 49 volte
  • Il punteggio medio è 19 su 20
Statistiche sulle risposte
con Immagini Risposta % Corretto
Cagliari
100%
Fiorentina
100%
Genoa
100%
Inter
100%
Juventus
100%
Lazio
100%
Udinese
100%
Hellas Verona
98%
Milan
98%
Parma
98%
Torino
98%
Atalanta
96%
Bologna
96%
Lecce
96%
Napoli
96%
Pisa
96%
Roma
96%
Como
94%
Sassuolo
94%
Cremonese
91%
Nessun quiz corrispondente trovato
Distribuzione punteggi
Percentuale di utenti per punteggio
Percentile per numero di risposta
I tuoi punteggi nel tempo
Non hai fatto questo quiz